Sinopsis de endocrinología y metabolismo / (Record no. 63575)

MARC details
000 -LEADER
campo de control de longitud fija 00655nam a2200193 i 4500
001 - NÚMERO DE CONTROL
campo de control 63575
003 - IDENTIFICADOR DE NÚMERO DE CONTROL
campo de control ES-MaACL
005 - FECHA Y HORA DE LA ÚLTIMA TRANSACCIÓN
campo de control 20230906164920.0
007 - CAMPO FIJO DE DESCRIPCIÓN FÍSICA--INFORMACIÓN GENERAL
campo de control de longitud fija t|
008 - DATOS DE LONGITUD FIJA--INFORMACIÓN GENERAL
campo de control de longitud fija 031212s1968 sp ||||1| spa d
100 1# - ENTRADA PRINCIPAL--NOMBRE DE PERSONA
Nombre de persona Ferriman, David G.
9 (RLIN) 50581
245 10 - MENCIÓN DEL TÍTULO
Título Sinopsis de endocrinología y metabolismo /
Mención de responsabilidad, etc. por David G. Ferriman y Ian C. Gilliland ; prólogo por R.I.S. Bayliss ; [versión A. Garrido Juan].
260 ## - PUBLICACIÓN, DISTRIBUCIÓN, ETC.
Lugar de publicación, distribución, etc. Barcelona :
Nombre del editor, distribuidor, etc. Científico Médica,
Fecha de publicación, distribución, etc. 1968.
300 ## - DESCRIPCIÓN FÍSICA
Extensión 205 p. ;
Dimensiones 19 cm.
700 1# - ENTRADA AGREGADA--NOMBRE PERSONAL
Nombre de persona Gilliland, Ian C.
9 (RLIN) 56978
700 1# - ENTRADA AGREGADA--NOMBRE PERSONAL
Nombre de persona Bayliss, R. I. S.
9 (RLIN) 26679
700 1# - ENTRADA AGREGADA--NOMBRE PERSONAL
Nombre de persona Garrido Juan, A.
9 (RLIN) 55707
852 ## - LOCALIZACIÓN
Ubicación ES-MaACL
Número de control de estantería C-35494
Sublocalización o colección R.68514
Holdings
Estatus retirado Estado de pérdida Estado de daño No para préstamo Biblioteca de origen Biblioteca actual Ubicación en estantería Fecha de adquisición Fuente de adquisición Total de préstamos Signatura topográfica completa Código de barras Visto por última vez Precio de reemplazo Tipo de ítem Koha
        Biblioteca del Ateneo de Madrid Biblioteca del Ateneo de Madrid Depósito 2 17/01/2008     C-35494 1066635 23/02/2023 23/02/2023 Libro impreso